Plant Bacteriology Refresher/ by Dinesh Singh, Shivam Kumar and Shenaz Sultana Ahmed (Record no. 52249)
[ view plain ]
| 000 -LEADER | |
|---|---|
| fixed length control field | 00585nam a22001817a 4500 |
| 003 - CONTROL NUMBER IDENTIFIER | |
| control field | OSt |
| 008 - FIXED-LENGTH DATA ELEMENTS--GENERAL INFORMATION | |
| fixed length control field | 260624b |||||||| |||| 00| 0 eng d |
| 020 ## - INTERNATIONAL STANDARD BOOK NUMBER | |
| International Standard Book Number | 9789348596628 |
| 082 ## - DEWEY DECIMAL CLASSIFICATION NUMBER | |
| Classification number | 632.32 |
| Item number | S61P |
| 100 ## - MAIN ENTRY--PERSONAL NAME | |
| Personal name | Singh, Dinesh |
| 245 ## - TITLE STATEMENT | |
| Title | Plant Bacteriology Refresher/ by Dinesh Singh, Shivam Kumar and Shenaz Sultana Ahmed |
| 260 ## - PUBLICATION, DISTRIBUTION, ETC. (IMPRINT) | |
| Place of publication, distribution, etc | Delhi : |
| Name of publisher, distributor, etc | Today & Tomorrow Printers and Publishers, |
| Date of publication, distribution, etc | 2026. |
| 300 ## - PHYSICAL DESCRIPTION | |
| Extent | 348 p. |
| 650 ## - SUBJECT ADDED ENTRY--TOPICAL TERM | |
| Topical term or geographic name as entry element | Pure Sciences | Biology | Bacteriology | Plant Bacteriology |
| 700 ## - ADDED ENTRY--PERSONAL NAME | |
| Personal name | Kumar, Shivam |
| 700 ## - ADDED ENTRY--PERSONAL NAME | |
| Personal name | Ahmed, Shenaz Sultana |
| 942 ## - ADDED ENTRY ELEMENTS (KOHA) | |
| Source of classification or shelving scheme | |
| Koha item type | Books |
| Withdrawn status | Lost status | Source of classification or shelving scheme | Damaged status | Not for loan | Home library | Current library | Shelving location | Date acquired | Source of acquisition | Total Checkouts | Full call number | Barcode | Date last seen | Bill Date | Koha item type | Bill Number |
|---|---|---|---|---|---|---|---|---|---|---|---|---|---|---|---|---|
| Dr. Rajendra Prasad Central Agricultural University Pusa, | Dr. Rajendra Prasad Central Agricultural University Pusa, | General Stacks | 24/06/2026 | Today & Tomorrow Printers and Publishers | 632.32 S61P | 87523 | 24/06/2026 | 29/01/2026 | Books | Bill No. IN-00449 | ||||||
| Dr. Rajendra Prasad Central Agricultural University Pusa, | Dr. Rajendra Prasad Central Agricultural University Pusa, | General Stacks | 24/06/2026 | Today & Tomorrow Printers and Publishers | 632.32 S61P | 87524 | 24/06/2026 | 29/01/2026 | Books | Bill No. IN-00449 | ||||||
| Dr. Rajendra Prasad Central Agricultural University Pusa, | Dr. Rajendra Prasad Central Agricultural University Pusa, | General Stacks | 24/06/2026 | Today & Tomorrow Printers and Publishers | 632.32 S61P | 87525 | 24/06/2026 | 29/01/2026 | Books | Bill No. IN-00449 | ||||||
| Dr. Rajendra Prasad Central Agricultural University Pusa, | Dr. Rajendra Prasad Central Agricultural University Pusa, | General Stacks | 24/06/2026 | Today & Tomorrow Printers and Publishers | 632.32 S61P | 87526 | 24/06/2026 | 29/01/2026 | Books | Bill No. IN-00449 | ||||||
| Dr. Rajendra Prasad Central Agricultural University Pusa, | Dr. Rajendra Prasad Central Agricultural University Pusa, | General Stacks | 24/06/2026 | Today & Tomorrow Printers and Publishers | 632.32 S61P | 87527 | 24/06/2026 | 29/01/2026 | Books | Bill No. IN-00449 |